Star Wars: Tales of the Jedi Episodes - Statistics

General Stats
  • This quiz has been taken 8 times
  • The average score is 5 of 6
Answer Stats
Hint Answer % Correct
4 The Sith Lord
100%
3 Choices
86%
2 Justice
86%
1 Life and Death
71%
6 Resolve
71%
5 Practice Makes Perfect
57%
No matching quizzes found
Score Distribution
Percent of People with Each Score
Percentile by Number Answered
Your Score History
You have not taken this quiz